000 01357namaa22003251i 4500
005 20260404105913.0
008 260404s1995 u a|||fr|m|| 000 0 eng d
040 _aEG-GICUC
_beng
_cEG-GICUC
_dEG-GICUC
_erda
041 0 _aeng
_beng
_bara
049 _aDeposit
097 _aM.Sc
099 _aCai01.11.25.M.Sc.1995.Ek.m
100 0 _aEkram Mohamed Gamal Mohsen ,
_epreparation.
245 1 0 _aManagement of infected total knee arthroplasty /
_b
_cBy Ekram Mohamed Gamal Mohsen ; Supervised , Prof.Dr. Akram Azzam , Dr. Youssry M . El Hawary , Dr. Ismail Zaazou ,
246 1 5 _aكيفية التعامل مع تلوث مفصل الركبة الصناعى
264 0 _c1995
300 _a77 Leaves :
_billustrations ;
_c30 cm. +
336 _2rda content
_atext
337 _2rdamedia
_aUnmediated
338 _2rdacarrier
_avolume
502 _a Thesis (M.Sc.) Cairo University, 1995
504 _aBibliography: pages 69 : 77
653 0 _aManagement of infected total knee arthroplasty
700 0 _a Akram Azzam
_ethesis advisor.
700 0 _a Youssry M . El Hawary
_ethesis advisor.
700 0 _aIsmail Zaazou
_ethesis advisor.
900 _D Department of orthopedic surgry
_F Faculty of
_U Cairo University
_b1995
_c Akram Azzam
_c Youssry M . El Hawary
_cIsmail Zaazou
_d Akram Azzam
905 _aNagat
942 _2ddc
_cTH
_e21
_n0
999 _c179159